000 00598nam a2200181 a 4500
001 000040008
005 20201002033848.0
008 130802s2004 mx 000 0 spa d
020 _a9703204724
040 _aDO-SdBNP
_bspa
_cBNPHU
100 1 _aGamboa, Federico
_966239
245 1 0 _aViaje a la isla Ricamea /
_cFederico Gamboa ; introducción Óscar Mata.
260 _aMéxico :
_bUniversidad Nacional Autónoma de México,
_c2004.
300 _a190 p. ;
_c18 cm.
490 1 _aRelato Licenciado Vidriera
_v27
700 1 _aMata, Óscar
_966240
830 0 _aRelato Licenciado Vidriera
_v27
_966234
999 _c39498
_d39498